Southville International School and Colleges
Your cart is empty.
  • Cart
  • Lists
    Public lists Eva Luna New books Lux_list list_1
    Your lists Log in to create your own lists
  • Log in to your account
  • Your cookies
  • Search history
Southville International School and Colleges
  • Advanced search
  • Recent comments
  • Most popular
  • Libraries

Log in to your account

Log in with GOOGLE


If you do not have an external account, but do have a local account, you can still log in:

  1. Home
  2. MARC view: Scary stories to tell in the dark /
Normal view MARC view ISBD view

Scary stories to tell in the dark / (Record no. 33241)

[ view plain ]
MARC details
000 -LEADER
fixed length control field 01354cam a2200409 a 4500
001 - CONTROL NUMBER
control field 408978
003 - CONTROL NUMBER IDENTIFIER
control field OSt
005 - DATE AND TIME OF LATEST TRANSACTION
control field 20140310184239.0
008 - FIXED-LENGTH DATA ELEMENTS--GENERAL INFORMATION
fixed length control field 810417s1981 nyua j 000 0 eng
010 ## - LIBRARY OF CONGRESS CONTROL NUMBER
LC control number 80008728
020 ## - INTERNATIONAL STANDARD BOOK NUMBER
International Standard Book Number 0590431978
040 ## - CATALOGING SOURCE
Original cataloging agency DLC
Transcribing agency DLC
Modifying agency DLC
042 ## - AUTHENTICATION CODE
Authentication code lcac
043 ## - GEOGRAPHIC AREA CODE
Geographic area code n-us---
050 00 - LIBRARY OF CONGRESS CALL NUMBER
Classification number PZ 8.1
Item number .Sch287 1981
100 1# - MAIN ENTRY--PERSONAL NAME
Personal name Schwartz, Alvin,
Dates associated with a name 1927-
9 (RLIN) 24355
245 10 - TITLE STATEMENT
Title Scary stories to tell in the dark /
Statement of responsibility, etc collected from American folklore by Alvin Schwartz ; with drawings by Stephen Gammell.
250 ## - EDITION STATEMENT
Edition statement 1st ed.
260 ## - PUBLICATION, DISTRIBUTION, ETC. (IMPRINT)
Place of publication, distribution, etc New York :
Name of publisher, distributor, etc scholastic
Date of publication, distribution, etc 1981.
300 ## - PHYSICAL DESCRIPTION
Extent 111 p. :
Other physical details ill. ;
Dimensions 24 cm.
521 ## - TARGET AUDIENCE NOTE
Target audience note
526 ## - STUDY PROGRAM INFORMATION NOTE
Reading level 640
650 #0 - SUBJECT ADDED ENTRY--TOPICAL TERM
Topical term or geographic name as entry element Ghost stories, American.
9 (RLIN) 21508
650 #0 - SUBJECT ADDED ENTRY--TOPICAL TERM
Topical term or geographic name as entry element Tales
Chronological subdivision United States.
9 (RLIN) 24356
650 #1 - SUBJECT ADDED ENTRY--TOPICAL TERM
Topical term or geographic name as entry element Ghosts
General subdivision Folklore.
9 (RLIN) 24357
650 #1 - SUBJECT ADDED ENTRY--TOPICAL TERM
Topical term or geographic name as entry element Horror stories.
9 (RLIN) 3825
650 #1 - SUBJECT ADDED ENTRY--TOPICAL TERM
Topical term or geographic name as entry element Folklore
Geographic subdivision United States.
9 (RLIN) 24358
700 1# - ADDED ENTRY--PERSONAL NAME
Personal name Gammell, Stephen,
Relator term ill.
9 (RLIN) 24359
856 42 - ELECTRONIC LOCATION AND ACCESS
Materials specified Publisher description
Uniform Resource Identifier <a href="http://www.loc.gov/catdir/description/hc042/80008728.html">http://www.loc.gov/catdir/description/hc042/80008728.html</a>
856 42 - ELECTRONIC LOCATION AND ACCESS
Materials specified Contributor biographical information
Uniform Resource Identifier <a href="http://www.loc.gov/catdir/enhancements/fy0911/80008728-b.html">http://www.loc.gov/catdir/enhancements/fy0911/80008728-b.html</a>
906 ## - LOCAL DATA ELEMENT F, LDF (RLIN)
a 7
b cbc
c orignew
d 1
e ocip
f 19
g y-gencatlg
942 ## - ADDED ENTRY ELEMENTS (KOHA)
Source of classification or shelving scheme Library of Congress Classification
Koha item type
Holdings
Withdrawn status Lost status Source of classification or shelving scheme Damaged status Home library Current library Shelving location Date acquired Total Checkouts Full call number Barcode Date last seen Date checked out Copy number Price effective from Koha item type Total Renewals
    Library of Congress Classification   Luxembourg Library Luxembourg Library Scholastic Reading Center Section 04/02/2012 1 PZ 8.1 .Sch287 1981 LEX0421 04/18/2017 09/21/2016 1 01/30/2014 Books  
    Library of Congress Classification   Luxembourg Library Luxembourg Library Scholastic Reading Center Section 10/12/2013 2 PZ 8.1 .Sch287 1981 LEX0422 04/18/2017 08/03/2016 1 10/12/2013 Books 2

Scary stories to tell in the dark /

APA

Schwartz A., Gammell S., . (1981). Scary stories to tell in the dark. New York: scholastic.

Chicago

Schwartz Alvin, Gammell Stephen, . 1981. Scary stories to tell in the dark. New York: scholastic.

Harvard

Schwartz A., Gammell S., . (1981). Scary stories to tell in the dark. New York: scholastic.

MLA

Schwartz Alvin, Gammell Stephen, . Scary stories to tell in the dark. New York: scholastic. 1981.

  • Place hold
  • Print
  • Cite
  • Add to your cart (remove)
  • Save record
    BIBTEX Dublin Core MARCXML MARC (non-Unicode/MARC-8) MARC (Unicode/UTF-8) MARC (Unicode/UTF-8, Standard) MODS (XML) RIS
  • More searches
    Search for this title in:
    Other Libraries (WorldCat) Other Databases (Google Scholar) Online Stores (Bookfinder.com) Open Library (openlibrary.org)

Exporting to Dublin Core...

SOUTHVILLE LIBRARY

Southville International School and Colleges Library

1281 Tropical Ave. Cor. Luxembourg St., BF Homes International, Las Pinas City

Tel. No. 8256374 / 252358 Loc. 117/146

Powered by Koha